| 000 | 00419nam a22001577a 4500 | ||
|---|---|---|---|
| 003 | SGT | ||
| 020 | _a9789356969629 | ||
| 082 |
_a614.1 _bF25B |
||
| 100 | _aBISWAS, GAUTAM | ||
| 245 | _aFORENSIC MEDICINE & TOXICOLOGY FOR MEDICAL STUDANTS | ||
| 250 | _a6TH | ||
| 260 |
_aINDIA _bJAYPEE PUB _c2025 |
||
| 650 | _aFORENSIC MEDICINE | ||
| 653 | _aFORENSIC MEDICINE & TOXICOLOGY FOR MEDICAL STUDANTS | ||
| 942 |
_2ddc _cBK |
||
| 999 |
_c30659 _d30659 |
||